000 00644nam a2200181Ia 4500
008 090630s9999 xx 000 0 und d
082 _b18823
100 _aकोल्हटकर कुमुद.
245 _aमाता बालसंगोपन.
_cकोल्हटकर कुमुद.
260 _bघरकुल - पुणे.
_c1999
300 _a40
600 _aकोल्हटकर कुमुद.
630 _aमाता बालसंगोपन.
655 _aइतर.
700 _aकोल्हटकर कुमुद.
730 _aमाता बालसंगोपन.
942 _cBOOK
999 _c270679
_d270679